Dettagli MARC
| 000 -LEADER |
| fixed length control field |
04437njm a2200577Ia 4500 |
| 001 - CONTROL NUMBER |
| control field |
40057 |
| 003 - CONTROL NUMBER IDENTIFIER |
| control field |
IT-RoPAU |
| 005 - DATE AND TIME OF LATEST TRANSACTION |
| control field |
20220918181120.0 |
| 008 - FIXED-LENGTH DATA ELEMENTS--GENERAL INFORMATION |
| fixed length control field |
131025s9999 xx 000 0 und d |
| 040 ## - CATALOGING SOURCE |
| Original cataloging agency |
IT-RoPAU |
| 040 ## - CATALOGING SOURCE |
| Transcribing agency |
IT-RoPAU |
| 041 ## - LANGUAGE CODE |
| Language code of text/sound track or separate title |
ITALIANO |
| 999 ## - SYSTEM CONTROL NUMBERS (KOHA) |
| Koha Dewey Subclass [OBSOLETE] |
n.d. |
| 100 ## - MAIN ENTRY--PERSONAL NAME |
| Personal name |
AA.VV. |
| 9 (RLIN) |
794 |
| 100 ## - MAIN ENTRY--PERSONAL NAME |
| Relator term |
Autore musica |
| 9 (RLIN) |
20608 |
| 100 ## - MAIN ENTRY--PERSONAL NAME |
| Miscellaneous information |
Codice autore musica SPICS: 12000 |
| 9 (RLIN) |
796 |
| 245 ## - TITLE STATEMENT |
| Title |
Romanze indimenticabili, vol. 02 |
| 250 ## - EDITION STATEMENT |
| Edition statement |
1a ed. |
| 260 ## - PUBLICATION, DISTRIBUTION, ETC. (IMPRINT) |
| Place of publication, distribution, etc. |
ITALIA |
| 260 ## - PUBLICATION, DISTRIBUTION, ETC. (IMPRINT) |
| Name of publisher, distributor, etc. |
SELEZIONE |
| Date of publication, distribution, etc. |
1972 [1a Ed.:1972] |
| 300 ## - PHYSICAL DESCRIPTION |
| Extent |
DISCO |
| 500 ## - GENERAL NOTE |
| General note |
Musica classica. Musica operistica. Musica lirica. Celebri romanze Tratte da opere liriche famose |
| 505 ## - FORMATTED CONTENTS NOTE |
| Formatted contents note |
Largo al factotum (da "Il Barbiere di Siviglia") - Che gelida manina (da "La Boheme") - Sì, mi chiamano Mimì (da "La Boheme") - Un bel dì vedremo (da "Madama Butterfly") - Celeste Aida (da "Aida") - La donna è mobile (da "Rigoletto") - Vissi d'arte (da "Tosca") - Valzer di Musetta (da "La Boheme") - O tu, bell'astro (da "Tannhauser") - Habanera (da "Carmen") - E lucevan le stelle (da "Tosca") - Aria delle campanelle (da "Lakmé") |
| 511 ## - PARTICIPANT OR PERFORMER NOTE |
| Participant or performer note |
Orchestra del Teatro Metropolitan di New York diretta da Leinsdorf Erich |
| 511 ## - PARTICIPANT OR PERFORMER NOTE |
| Participant or performer note |
Orchestra del Teatro dell'Opera di Roma diretta da Leinsdorf Erich |
| 511 ## - PARTICIPANT OR PERFORMER NOTE |
| Participant or performer note |
Orchestra della Rca Italiana diretta da Leinsdorf Erich |
| 511 ## - PARTICIPANT OR PERFORMER NOTE |
| Participant or performer note |
London Symphony Orchestra diretta da Leinsdorf Erich |
| 511 ## - PARTICIPANT OR PERFORMER NOTE |
| Participant or performer note |
Orchestra della Rca Italiana diretta da Solti Georg |
| 511 ## - PARTICIPANT OR PERFORMER NOTE |
| Participant or performer note |
Orchestra del Teatro dell'Opera di Roma diretta da De Fabritiis Olivier |
| 511 ## - PARTICIPANT OR PERFORMER NOTE |
| Participant or performer note |
Orchestra e Coro del Teatro dell'Opera di Roma diretti da Leinsdorf Erich |
| 511 ## - PARTICIPANT OR PERFORMER NOTE |
| Participant or performer note |
New Philharmonia Orchestra diretta da Guadagno Anton |
| 511 ## - PARTICIPANT OR PERFORMER NOTE |
| Participant or performer note |
Orchestra Filarmonica di Vienna e Coro diretta da Von Karajan Herbert |
| 511 ## - PARTICIPANT OR PERFORMER NOTE |
| Participant or performer note |
Orchestra del Teatro dell'Opera di Roma diretta da Serafin Tullio |
| 650 ## - SUBJECT ADDED ENTRY--TOPICAL TERM |
| Topical term or geographic name as entry element |
OPERA [DISCHI] |
| Relator term |
Codice MATERIA SPICS: 9950 |
| 9 (RLIN) |
961 |
| 700 ## - ADDED ENTRY--PERSONAL NAME |
| Personal name |
Rossini Gioachino |
| Dates associated with a name |
Codice autore musica SPICS: 11125 |
| Relator term |
Autore musica |
| Name of part/section of a work |
Largo al factotum (da "Il Barbiere di Siviglia") |
| 9 (RLIN) |
20609 |
| 700 ## - ADDED ENTRY--PERSONAL NAME |
| Personal name |
Sterbini Cesare |
| Dates associated with a name |
Codice autore testo SPICS: 23065 |
| Relator term |
Autore testo |
| Name of part/section of a work |
Largo al factotum (da "Il Barbiere di Siviglia") |
| 9 (RLIN) |
20610 |
| 700 ## - ADDED ENTRY--PERSONAL NAME |
| Personal name |
Puccini Giacomo |
| Dates associated with a name |
Codice autore musica SPICS: 11082 |
| Relator term |
Autore musica |
| Name of part/section of a work |
Che gelida manina (da "La Boheme") - Sì, mi chiamano Mimì (da "La Boheme") - Un bel dì vedremo (da "Madama Butterfly") - Vissi d'arte (da "Tosca") - Valzer di Musetta (da "La Boheme") - E lucevan le stelle (da "Tosca") |
| 9 (RLIN) |
20611 |
| 700 ## - ADDED ENTRY--PERSONAL NAME |
| Personal name |
Illica Luigi |
| Dates associated with a name |
Codice autore testo SPICS: 16756 |
| Relator term |
Autore testo |
| Name of part/section of a work |
Che gelida manina (da "La Boheme") - Sì, mi chiamano Mimì (da "La Boheme") - Un bel dì vedremo (da "Madama Butterfly") - Vissi d'arte (da "Tosca") - Valzer di Musetta (da "La Boheme") - E lucevan le stelle (da "Tosca") |
| 9 (RLIN) |
20612 |
| 700 ## - ADDED ENTRY--PERSONAL NAME |
| Personal name |
Giacosa Giuseppe |
| Dates associated with a name |
Codice autore testo SPICS: 16757 |
| Relator term |
Autore testo |
| Name of part/section of a work |
Che gelida manina (da "La Boheme") - Sì, mi chiamano Mimì (da "La Boheme") - Un bel dì vedremo (da "Madama Butterfly") - Vissi d'arte (da "Tosca") - Valzer di Musetta (da "La Boheme") - E lucevan le stelle (da "Tosca") |
| 9 (RLIN) |
20613 |
| 700 ## - ADDED ENTRY--PERSONAL NAME |
| Personal name |
Verdi Giuseppe |
| Dates associated with a name |
Codice autore musica SPICS: 89 |
| Relator term |
Autore musica |
| Name of part/section of a work |
Celeste Aida (da "Aida") - La donna è mobile (da "Rigoletto") |
| 9 (RLIN) |
20614 |
| 700 ## - ADDED ENTRY--PERSONAL NAME |
| Personal name |
Ghislanzoni Antonio |
| Dates associated with a name |
Codice autore testo SPICS: 11798 |
| Relator term |
Autore testo |
| Name of part/section of a work |
Celeste Aida (da "Aida") |
| 9 (RLIN) |
20615 |
| 700 ## - ADDED ENTRY--PERSONAL NAME |
| Personal name |
Piave Francesco Maria |
| Dates associated with a name |
Codice autore testo SPICS: 12281 |
| Relator term |
Autore testo |
| Name of part/section of a work |
La donna è mobile (da "Rigoletto") |
| 9 (RLIN) |
20616 |
| 700 ## - ADDED ENTRY--PERSONAL NAME |
| Personal name |
Wagner Richard |
| Dates associated with a name |
Codice autore testo/musica SPICS: 563 |
| Relator term |
Autore testo/musica |
| Name of part/section of a work |
O tu, bell'astro (da "Tannhauser") |
| 9 (RLIN) |
20617 |
| 700 ## - ADDED ENTRY--PERSONAL NAME |
| Personal name |
Bizet Georges |
| Dates associated with a name |
Codice autore musica SPICS: 10724 |
| Relator term |
Autore musica |
| Name of part/section of a work |
Habanera (da "Carmen") |
| 9 (RLIN) |
20618 |
| 700 ## - ADDED ENTRY--PERSONAL NAME |
| Personal name |
Meilhac Henry |
| Dates associated with a name |
Codice autore SPICS: 16867 |
| Relator term |
Autore |
| Name of part/section of a work |
Habanera (da "Carmen") |
| 9 (RLIN) |
20619 |
| 700 ## - ADDED ENTRY--PERSONAL NAME |
| Personal name |
Halevy Ludovic |
| Dates associated with a name |
Codice autore testo SPICS: 16868 |
| Relator term |
Autore testo |
| Name of part/section of a work |
Habanera (da "Carmen") |
| 9 (RLIN) |
20620 |
| 700 ## - ADDED ENTRY--PERSONAL NAME |
| Personal name |
Delibes Leo |
| Dates associated with a name |
Codice autore musica SPICS: 7951 |
| Relator term |
Autore musica |
| Name of part/section of a work |
Aria delle campanelle (da "Lakmé") |
| 9 (RLIN) |
20621 |
| 700 ## - ADDED ENTRY--PERSONAL NAME |
| Personal name |
Gondinet |
| Dates associated with a name |
Codice autore SPICS: 28544 |
| Relator term |
Autore |
| Name of part/section of a work |
Aria delle campanelle (da "Lakmé") |
| 9 (RLIN) |
20622 |
| 700 ## - ADDED ENTRY--PERSONAL NAME |
| Personal name |
Gille |
| Dates associated with a name |
Codice autore testo/musica SPICS: 28545 |
| Relator term |
Codice autore testo/musica SPICS: 28545 |
| Name of part/section of a work |
Aria delle campanelle (da "Lakmé") |
| 9 (RLIN) |
20623 |
| 942 ## - ADDED ENTRY ELEMENTS (KOHA) |
| Koha item type |
DISCHI |
| Source of classification or shelving scheme |
Dewey Decimal Classification |